Descubriendo el mágico mundo de Gauguin (Record no. 107303)

MARC details
000 -LEADER
campo de control de longitud fija 01565cac a2200313 i 4500
003 - IDENTIFICADOR DE NÚMERO DE CONTROL
campo de control Co-PeBPM
005 - FECHA Y HORA DE LA ÚLTIMA TRANSACCIÓN
campo de control 20260407123538.0
007 - CAMPO FIJO DE DESCRIPCIÓN FÍSICA--INFORMACIÓN GENERAL
campo de control de longitud fija ta
008 - DATOS DE LONGITUD FIJA--INFORMACIÓN GENERAL
campo de control de longitud fija 221025s2011 ck ao0 bra s 0bspa d
020 ## - NÚMERO INTERNACIONAL ESTÁNDAR DEL LIBRO
Número Internacional Estándar del Libro 9786074002669
020 ## - NÚMERO INTERNACIONAL ESTÁNDAR DEL LIBRO
Número Internacional Estándar del Libro 9788449441943
040 0# - FUENTE DE CATALOGACIÓN
Centro catalogador/agencia de origen Co-PeBPM
Lengua de catalogación spa
Normas de descripción rda
Centro/agencia transcriptor Co-PeBPM
041 ## - CÓDIGO DE IDIOMA
Código de lengua del texto/banda sonora o título independiente spa
082 ## - NÚMERO DE LA CLASIFICACIÓN DECIMAL DEWEY
Número de clasificación (i) 759.6 J82g
Número de edición 22
100 1# - ENTRADA PRINCIPAL--NOMBRE DE PERSONA
Nombre de persona Jordà, Maria J.
Término indicativo de función/relación autora
9 (RLIN) 10764
245 10 - MENCIÓN DEL TÍTULO
Título Descubriendo el mágico mundo de Gauguin
Mención de responsabilidad, etc. / María J. Jordá.
250 ## - MENCION DE EDICION
Mención de edición Primera edición
264 #1 - PRODUCCIÓN, PUBLICACIÓN, DISTRIBUCIÓN, FABRICACIÓN Y COPYRIGHT
Producción, publicación, distribución, fabricación y copyright Barcelona, España
Nombre del de productor, editor, distribuidor, fabricante : Editorial Océano Travesía
Fecha de producción, publicación, distribución, fabricación o copyright , 2011.
300 ## - DESCRIPCIÓN FÍSICA
Extensión 34 páginas
Otras características físicas : ilustraciones, fotografías a color
Dimensiones ; 29 centímetros.
520 1# - RESUMEN, ETC.
Sumario, etc. Aventurero, inconformista y luchador, Gauguin se ha convertido en uno de los pintores más fascinantes de su época y en el máximo exponente artista bohemio. Su estilo ""primitivo"" rompió con el realismo e impresionismo y marcó el inicio del vanguardismo del siglo XX. Luchó incansablemente y contra toda adversidad para alcanzar su sueño: encontrar la autenticidad en su vida y en su arte. Lee estas páginas y entenderás porqué abandonó la civilización para instalarse y acabar sus días solo y arruinado en un pequeño pueblo de Tahití.
521 1# - NOTA DE PÚBLICO DESTINATARIO
Nota de público destinatario Recomendado para un público infantil mayor de 8 años.
648 17 - PUNTO DE ACCESO ADICIONAL DE MATERIA--TÉRMINO CRONOLÓGICO
Término cronológico Siglo XIX
Fuente del encabezamiento o término LEMB
650 17 - PUNTO DE ACCESO ADICIONAL DE MATERIA--TÉRMINO DE MATERIA
Término de materia o nombre geográfico como elemento de entrada Pintores franceses
Fuente del encabezamiento o término LEMB
9 (RLIN) 317246
650 17 - PUNTO DE ACCESO ADICIONAL DE MATERIA--TÉRMINO DE MATERIA
Término de materia o nombre geográfico como elemento de entrada Biografias
Fuente del encabezamiento o término LEMB
650 17 - PUNTO DE ACCESO ADICIONAL DE MATERIA--TÉRMINO DE MATERIA
Término de materia o nombre geográfico como elemento de entrada Libros infantiles
Fuente del encabezamiento o término LEMB
650 17 - PUNTO DE ACCESO ADICIONAL DE MATERIA--TÉRMINO DE MATERIA
Término de materia o nombre geográfico como elemento de entrada Impresionismo
Fuente del encabezamiento o término LEMB
9 (RLIN) 180943
650 17 - PUNTO DE ACCESO ADICIONAL DE MATERIA--TÉRMINO DE MATERIA
Término de materia o nombre geográfico como elemento de entrada Pintura francesa
Fuente del encabezamiento o término LEMB
9 (RLIN) 317247
942 ## - ELEMENTOS DE ENTRADA SECUNDARIOS (KOHA)
Fuente del sistema de clasificación o colocación Clasificación Decimal Dewey
Tipo de ítem Koha Libros
Holdings
Estatus retirado Estado de pérdida Fuente del sistema de clasificación o colocación Estado de daño No para préstamo Colección Biblioteca de origen Biblioteca actual Ubicación en estantería Fecha de adquisición Total de préstamos Signatura topográfica completa Código de barras Visto por última vez Copia número Precio de reemplazo Tipo de ítem Koha
    Clasificación Decimal Dewey     General BIBLIOTECA SAN JOAQUIN BIBLIOTECA SAN JOAQUIN Colección general 07/04/2026   (i) 759.6 J82g 63628 07/04/2026 Ej.1 07/04/2026 Libros

Powered by Koha